Statistics for Biggest U.S. Cities by Letter - B

Click here to take the quiz!

General Stats

  • This quiz has been taken 36,713 times
    (10,793 since last reset)
  • The average score is 10 of 20

Answer Stats

Pop State Hint City % Correct
694,583Mass.BeantownBoston
99%
602,495Maryland"The Wire"Baltimore
91%
228,790IdahoCapitalBoise
85%
221,599Louisiana"Red stick"Baton Rouge
85%
256,304New YorkLarge mammalBuffalo
80%
209,880AlabamaLargest in stateBirmingham
79%
107,353ColoradoUniversityBoulder
56%
109,550MontanaLargest in stateBillings
45%
383,579CaliforniaSan Joaquin
Valley
Bakersfield
43%
121,643CaliforniaHippiesBerkeley
42%
99,244FloridaInitials B.R.Boca Raton
40%
103,695CaliforniaMovie studiosBurbank
37%
183,392TexasSouthernmost
in Texas
Brownsville
34%
144,900ConnecticutLargest in stateBridgeport
32%
147,599WashingtonSeattle suburbBellevue
25%
118,428TexasGulf CoastBeaumont
23%
97,590OregonSki slopesBend
23%
98,962OregonNike HQBeaverton
22%
109,171OklahomaTulsa suburbBroken Arrow
16%
95,777Mass.Rocky MarcianoBrockton
13%

Score Distribution

Percentile by Number Answered

Percent of People with Each Score

Your Score History

You have not taken this quiz since the last reset